|
|
|
|
| LEADER |
00000nab a2200000 a 4500 |
| 001 |
vtls001006940 |
| 003 |
SK-MaSNL |
| 005 |
20260305013922.0 |
| 008 |
040720e19951229xo 0 slo |
| 035 |
|
|
|a RV7540
|
| 040 |
|
|
|a RVGKPD
|b slo
|c RVGKPD
|e AACR2
|
| 041 |
0 |
|
|a slo
|
| 044 |
|
|
|a xo
|c SK
|
| 080 |
|
|
|a 362.191.1
|2 1981
|
| 100 |
1 |
|
|a Markovová, Libória
|4 aut
|9 1025319
|
| 245 |
1 |
0 |
|a Dnes na linke Judita Burčová, pracovníčka územného spolku SČK v Rožňave
|
| 500 |
|
|
|a činnosť
|
| 610 |
2 |
7 |
|a Slovenský Červený kríž
|2 SNKKA
|9 29683
|
| 650 |
0 |
7 |
|a darcovstvo krvi
|2 SNKPH
|9 16625
|
| 650 |
0 |
7 |
|a dobrovoľné sestry
|2 SNK
|9 1591671
|
| 651 |
|
7 |
|a Rožňava (Slovensko)
|2 SNKPHgeo
|9 17394
|
| 655 |
|
7 |
|a periodikum
|2 SNKPH
|9 29553
|
| 710 |
2 |
|
|a Slovenský Červený kríž
|4 aut
|9 29683
|
| 773 |
0 |
8 |
|t Lúč
|g Roč. 4, č.300, 29.12.1995, s. 3
|
| 852 |
|
|
|a ZVYKNI
|b KIS3GCP
|
| 999 |
|
|
|c 3266675
|d 3268605
|